00815nam a2200241 a 450000100060000000300080000600500170001400800410003103500190007204000360009104100080012708200260013510000290016124500650019026000630025530000200031850400250033865000210036365000200038494200120040499900170041695201400043358846BD-RjUL20211209080649.0161220s1964 enk b 000 0 eng  a(BD-RjUL)58970 aDLCcMiBsAdOCoLCdBD-RjULbeng aeng 223a332.041bSOC 19641 aSolow, Robert M.917495810aCapital theory and the rate of return /cby Robert M. Solow. aAmsterdam :bNorth-Holland Pub. Co.,c1963 [printing 1964] a98 p. ;c20 cm. aBibliography: p. 98. 0aCapital.9174960 0aProfit.9174961 2ddccBK c58846d58846 00102ddc40718NFICaRUCLbRUCLcReadingd1970-07-04eBook viewg20.00l0o332.041 SOC 1964r2016-12-20 00:00:00tC-1w2016-12-20yBK